000 nam a22 7a 4500
999 _c10761
_d10761
008 180223b ||||| |||| 00| 0 eng d
100 _aJaisingh,S.etal.
_96607
245 _aIn Search of Greenlife: Environmental Studies-3
260 _aNew Delhi
_bAvichal
_c2013